| 000 | 00837cam a2200229 a 4500 | ||
|---|---|---|---|
| 001 | 14895849 | ||
| 005 | 20130204141023.0 | ||
| 008 | 070619s2007 enka b 001 0 eng | ||
| 020 | _a0199229171 | ||
| 020 | _a9780199229178 | ||
| 082 | 0 | 0 |
_a624.1 _222 _bWAD |
| 100 | 1 |
_aWadhawan, Vinod K. _932371 |
|
| 245 | 1 | 0 |
_aSmart Structures : _bBlurring the Distinction Between the Living and the Nonliving / _cVinod K. Wadhawan. |
| 260 |
_aOxford ; _aNew York : _bOxford University Press, _c2007. |
||
| 300 |
_axxii, 341 p. : _bill. ; _c24 cm. |
||
| 440 | 0 |
_aMonographs on the physics and chemistry of materials ; _v65 _932372 |
|
| 504 | _aIncludes bibliographical references (p. [299]-300) and index. | ||
| 650 | 0 |
_aSmart materials. _932373 |
|
| 650 | 0 |
_aNanoelectromechanical systems. _932374 |
|
| 653 |
_bEle _cFebruary2013 |
||
| 942 |
_2ddc _cBB |
||
| 999 |
_c17221 _d17193 |
||